| 000 | 00334nam a22001337a 4500 | ||
|---|---|---|---|
| 008 | 181019b xxu||||| |||| 00| 0 eng d | ||
| 020 | _a9780138960285 | ||
| 041 | _aeng | ||
| 080 |
_23 ED _a370 |
||
| 100 | _a48 | ||
| 101 | _aEDU | ||
| 245 |
_aInstructucting Students Who Have Literacy Problems _cSandra,M |
||
| 942 |
_2udc _cBK |
||
| 999 |
_c50196 _d50196 |
||